=LDR 00000nam 2200000 4500 =001 INLIS000000000022578 =005 20130612121325 =008 ***********************************Ind** =035 ##$$0010-061300000022578 =041 ##$$a Ind =082 ##$$a 304.2 =090 ##$$a 304.2, Kit-k =245 ##$$a Kita masih harus merawat bumi, Antologi kisah mencintai lingkungan, Editor ; Muhammad Hidayat Rahz =260 ##$$a 2000 $b Bandung; soka Indonesia =300 ##$$a xxii, 276 hlm., 21 cm =650 ##$$a Ekologi manusia =850 ##$$a NBPNMAT